Flaggen der deutschen Kurfürsten - Statistiken

Allgemein
  • Dieses Quiz wurde 28 mal gespielt
  • Das Durchschnittsergebnis liegt bei 5 aus 9
Antwortstatistiken
Bildquiz Antwort % Korrekt
Bayern
84%
Sachsen
72%
Brandenburg
68%
Pfalz
60%
Köln
52%
Mainz
52%
Böhmen
44%
Trier
44%
Braunschweig-Lüneburg
36%
Keine übereinstimmenden Quizze gefunden
Verteilung der Resultate
Anzahl Personen mit jedem Resultat
Perzentil nach korrekt beantworteten Fragen
Ihre Resultats-Entwicklung
Sie haben dieses Quiz noch nicht gespielt